000 00622nam a2200241Ia 4500
003 OSt
005 20220918164301.0
006 a|||||r|||| 00| 0
007 ta
008 220917b |||||||| |||| 00| 0 eng d
020 _a0521265495
024 _a246,518
037 _cTextual
040 _aARTS
_cARTS
_beng
041 _2eng
_aeng
082 _aX:75, M4;3
100 _aRobertson A.F.
_918083
245 0 _aPeople and the state
260 _aLondon
_bCambridge University Press UK
_c1984
300 _a332p.
_ccm.
942 _hX:75, M4;3
_cTEXL
_2CC
999 _c124019
_d124019